000 00497nam a2200181Ia 4500
020 _a(pbk)
082 _a297
_bKIF
100 _aKufayatullah- Mufti
_947025
245 _aBasic Islamic teachings part two
_bCleaning and purification
250 _a2nd ed.
260 _aIslamabad
_bDa'wah Academy
_c1998
300 _a33p
526 _a0
_b0
_c0
_d297_000000000000000_KIF
526 _a0
_b0
_c0
_d297_000000000000000_KIF
650 _aIslam -- Doctrines
650 _aMCE
_9379
942 _2ddc
_cBK
999 _c550326
_d550326